Wersje systemu Android - Statystyki

Ogólne statystyki
  • Ten quiz został rozwiązany 448 razy
  • Średni wynik to 6 z 14
Statystyki odpowiedzi
Wersja Litera Nazwa kodowa % Poprawnych
5.0 L Lollipop
69%
8.0 O Oreo
67%
4.4 K KitKat
66%
6.0 M Marshmallow
55%
7.0 N Nougat
46%
9.0 P Pie
46%
4.1-4.3 J Jelly Bean
45%
1.6 D Donut
42%
2.3 G Gingerbread
40%
1.5 C Cupcake
38%
2.0-2.1 E Eclair
35%
3.0-3.2 H Honeycomb
33%
4.0 I Ice Cream Sandwich
33%
2.2 F Froyo
31%
Nie znaleziono quizów pasujących do podanych kryteriów
Rozkład punktacji
Procent ludzi z każdym wynikiem
Percentyl według liczby udzielonych odpowiedzi
Twoja historia wyników
Nie rozwiązałeś tego quizu